01023nam a2200277Ia 450000500170000000800410001702000190005810000290007724500940010625000390020030000440023949000450028353400180032865000510034665000490039765000330044665000420047970000230052170000180054426400490056233600270061133700330063833800280067104000350069908400110073420220317001139.0160825s2007 mx a g 000 0 spa  a978968165540121 aSatoshi, Kitamurad1956-10aGato tiene sueñoctexto e ilustraciones Satoshi Kitamura ; traducción de Odette Smith a1a. edición b3a. reimpresión  a[12] páginas bilustraciones c16 cm  aLos especiales de A la orilla del viento tCat is sleepy142LEMBaÁlbumes infantiles japonesesySiglo XX142LEMBaLiteratura infantil japonesaySiglo XX142LEMBaGatos en la literatura142LEMB aLibros ilustrados para niños1 aSatoshi, Kitamura 1 aSmith, Odette aMéxicobFondo de Cultura Económicac2007 atextobtxt2rdacontent asin mediaciónbn2rdamedia avolumenbnc2rdacarrier aCO-BoRNBPbspaerdacCO-BoRNBP aA SAT1